000 00772cab a2200241 4500
001 WB3409-23
008 090401t1998 xxu||||| |||| 00| 0 eng d
035 _a(Sirsi) u84632
041 _aeng
245 _aNew-build can be the cheap option
260 _c1998
350 _a0
490 _aHousing Today
_v(72) 26 February 1998, 3(1)
520 _aDemolition and new-build can be more cost-effective than rehabilitation work, according to a joint report by the Housing Corporation and the Audit Commission "To build or not to build?".
650 _aBUILT ENVIRONMENT-BUILDING COSTS
650 _aHOUSE BUILDING
650 _aNEW-BUILD HOUSES
650 _aREHABILITATION
650 _aRENOVATION
690 _aHOUSING
942 _n0
948 _c03/03/1998
999 _c53202
_d53202